000 01016nam a22002417a 4500
999 _c61764
_d61764
005 20240501112352.0
008 240430s2003 enk||||| |||| 00| 0 eng d
020 _a9780443061929x
041 _aeng
080 _a616.3-089 M-37
245 _aMaster Dentistry :
_bOral and Maxillofacial Surgery, Radiology, Pathology and Oral Medicine /
_cPaul Coulthard, K. Horner, Philip Sloan, Elizabeth Theaker.
264 _aEdinburg :
_bChurchill Livingstone,
_c2003.
300 _a268 p.:
_bill.;
_c27 cm.
653 _aსტომატოლოგია
653 _aპირის ღრუს და ყბა-სახის ქირურგია
653 _aრადიოლოგია
653 _aპირის ღრუს მედიცინა
700 _aCoulthard, Paul
_eავტორი
_921993
700 _aHorner, K.
_eავტორი
_921993
700 _aSloan, Philip
_eავტორი
_921994
700 _aTheaker, Elizabeth
_eავტორი
_921995
942 _2udc
_cBK